Online Catalogue and eLibrary

Sakuwala Dadiyama (Record no. 6000)

MARC details
000 -LEADER
fixed length control field 00428nam a22001697a 4500
005 - DATE AND TIME OF LATEST TRANSACTION
control field 20250321054017.0
008 - FIXED-LENGTH DATA ELEMENTS--GENERAL INFORMATION
fixed length control field 250321b |||||||| |||| 00| 0 eng d
020 ## - INTERNATIONAL STANDARD BOOK NUMBER
ISBN 9789557861210
082 ## - DDC Classification
DDC Edition Number 22
Class No. 891
Item Number - Author Mark SAK
100 ## - MAIN ENTRY--PERSONAL NAME
Personal name Perera, Denison
245 ## - TITLE STATEMENT
Title Sakuwala Dadiyama
250 ## - EDITION STATEMENT
Edition statement 2nd
260 ## - PUBLICATION, DISTRIBUTION, ETC.
Place of publication, distribution, etc. Maharagama
Name of publisher, distributor, etc. Aakasa media works
Date of publication, distribution, etc. 2017
300 ## - PHYSICAL DESCRIPTION
Extent (e.g. Volumes, Pages etc.) 148 p .,
500 ## - GENERAL NOTE
General note A book of Ancient Buddhist History
942 ## - Koha item type (Biblio)
Koha item type Books in Stacks (Lending)
Holdings
Lost status Damaged status Collection code Home library Current library Date acquired Full call number Accession Number Item type
    Lending WERC Library WERC Library 03/21/2025 891 SAK 7021 Books in Stacks (Lending)

© WERC Library